UBT Library

A path to financial peace of mind / (Record no. 43757)

000 -LEADER
fixed length control field 00695cam a2200241 i 4500
001 - CONTROL NUMBER
control field 16005244
005 - DATE AND TIME OF LATEST TRANSACTION
control field 20180301034306.0
008 - FIXED-LENGTH DATA ELEMENTS--GENERAL INFORMATION
fixed length control field 091202s2010 wau b 000 0 eng
010 ## - LIBRARY OF CONGRESS CONTROL NUMBER
LC control number 2009942555
020 ## - INTERNATIONAL STANDARD BOOK NUMBER
International Standard Book Number 9780984133505
040 ## - CATALOGING SOURCE
Original cataloging agency DLC
Language of cataloging eng
Description conventions rda
Transcribing agency DLC
041 ## - LANGUAGE CODE
Language code of text/sound track or separate title eng
042 ## - AUTHENTICATION CODE
Authentication code pcc
080 ## - UNIVERSAL DECIMAL CLASSIFICATION NUMBER
Universal Decimal Classification number 658 BUR
100 1# - Rafti
Rafti 58
101 ## - Shkurtesa
Shkurtesa FIN
245 12 - TITLE STATEMENT
Title A path to financial peace of mind /
Statement of responsibility, etc Dwayne Burnell, MBA.
246 30 - VARYING FORM OF TITLE
Title proper/short title Financial peace of mind
504 ## - BIBLIOGRAPHY, ETC. NOTE
Bibliography, etc Includes bibliographical references.
906 ## - LOCAL DATA ELEMENT F, LDF (RLIN)
a 7
b cbc
c orignew
d 2
e epcn
f 20
g y-gencatlg
942 ## - ADDED ENTRY ELEMENTS (KOHA)
Source of classification or shelving scheme
Item type Books
Holdings
Withdrawn status Lost status Source of classification or shelving scheme Damaged status Not for loan Collection code Permanent location Current location Shelving location Date acquired Total Checkouts Full call number Barcode Date last seen Price effective from Koha item type
          Koleksioni i përgjithshem UBT - Lipjan UBT - Lipjan Koleksioni i përgjithshem 03/01/2018   658 BUR 002-3000366 03/01/2018 03/01/2018 Books
UBT Library © 2015-2024. All rights reserved University Education for Business and Technology